000 00799nam a2200229Ia 4500
008 130821s2012 ck a gr spa
020 _a9789587086010
040 _aCo-BoUCM
_bspa
041 0 0 _aspa
100 1 _aDíaz Díaz, Cristina
_966461
245 1 0 _aAnotaciones de obligaciones
_cCristina Díaz Díaz, Leonardo Correa Rodríguez.
260 _aBucaramanga (Colombia)
_bSic
_c2012
300 _a333 páginas
_bilustraciones, gráficas
650 0 4 _aCondiciones (Derecho)
_911492
650 0 4 _aDerecho privado
_9437
650 0 4 _aDerecho romano
_912827
650 0 4 _aObligaciones (Derecho)
_920655
650 0 4 _aObligaciones naturales
_920659
700 1 _aCorrea Rodríguez, Leonardo
_9137234
942 _cLIBRO
_a8
_e1
_mD277a
_2DEWEY
_h346.0922
999 _c37032
_d37032